Changing Landscape: The Cultural Ecology Of India (Record no. 369626)

MARC details
000 -LEADER
fixed length control field 00407 a2200157 4500
005 - DATE AND TIME OF LATEST TRANSACTION
control field 20251229112734.0
008 - FIXED-LENGTH DATA ELEMENTS--GENERAL INFORMATION
fixed length control field 251229b |||||||| |||| 00| 0 eng d
020 ## - INTERNATIONAL STANDARD BOOK NUMBER
International Standard Book Number 9789352641062
082 ## - DEWEY DECIMAL CLASSIFICATION NUMBER
Classification number 712/BHA
100 ## - MAIN ENTRY--PERSONAL NAME
Author Bharucha e
245 ## - TITLE STATEMENT
Title Changing Landscape: The Cultural Ecology Of India
260 ## - PUBLICATION, DISTRIBUTION, ETC.
Name of publisher, distributor, etc. Harper Collins
Date of publication, distribution, etc. 2017
Place of publication, distribution, etc. USA
300 ## - PHYSICAL DESCRIPTION
Extent 350P
Other physical details HB
500 ## - GENERAL NOTE
Keywords landscapes
942 ## - ADDED ENTRY ELEMENTS (KOHA)
Koha item type Books
Holdings
Withdrawn status Lost status Source of classification or shelving scheme Damaged status Not for loan Home library Current library Date acquired Vendor Net Price Total Checkouts Full call number Barcode Date last seen Actual Price Bill Date Koha item type
    Dewey Decimal Classification     Dr. Bhanuben Nanavati College of Architecture Dr. Bhanuben Nanavati College of Architecture 29/12/2025 213 699.30   712/BHA BNCA-BK-13425 29/12/2025 999.00 12/12/2025 Books